Baseball All-Century Team - Statistics

General Stats
  • This quiz has been taken 3,932 times
    2,994 since last reset
  • The average score is 45 of 100
Answer Stats
Hint Answer % Correct
OF Babe Ruth
89%
P Walter Johnson
87%
OF Mickey Mantle
78%
1B Lou Gehrig
77%
P Nolan Ryan
77%
OF Barry Bonds
75%
3B Brooks Robinson
75%
2B Jackie Robinson
75%
C Johnny Bench
75%
OF Frank Robinson
74%
OF Willie Mays
74%
C Yogi Berra
74%
OF Ted Williams
72%
OF Billy Williams
71%
P Bob Gibson
70%
C Josh Gibson
69%
OF Hank Aaron
68%
P Sandy Koufax
68%
OF Joe Dimaggio
67%
P Roger Clemens
67%
P Cy Young
66%
SS Ozzie Smith
65%
OF Ty Cobb
65%
P Greg Maddux
63%
3B Mike Schmidt
63%
SS Cal Ripken Jr.
62%
P Tom Seaver
62%
3B Eddie Mathews
61%
OF Ken Griffey Jr.
61%
OF Pete Rose
61%
OF Joe Jackson
60%
OF Reggie Jackson
60%
SS Honus Wagner
59%
2B Joe Morgan
57%
OF Stan Musial
57%
OF Roberto Clemente
56%
OF Carl Yastrzemski
55%
P Steve Carlton
53%
SS Ernie Banks
52%
3B George Brett
52%
1B Jimmie Foxx
51%
1B Mark McGwire
51%
2B Rogers Hornsby
50%
1B Willie McCovey
49%
P Bob Feller
48%
C Carlton Fisk
48%
OF Rickey Henderson
48%
SS Robin Yount
46%
P Whitey Ford
46%
OF Willie Stargell
46%
P Christy Mathewson
45%
OF Tony Gwynn
44%
OF Al Kaline
43%
1B Harmon Killebrew
43%
C Roy Campanella
43%
P Jim Palmer
42%
P Warren Spahn
41%
P Lefty Grove
40%
2B Rod Carew
40%
OF Tris Speaker
40%
1B Eddie Murray
39%
1B Hank Greenburg
38%
OF Mel Ott
38%
P Dennis Eckersley
36%
OF Duke Snider
36%
P Grover Alexander
35%
2B Napoleon Lajoie
35%
3B Paul Molitor
34%
P Satchel Paige
33%
OF Lou Brock
32%
P Juan Marichal
29%
P Rollie Fingers
29%
C Bill Dickey
27%
2B Eddie Collins
27%
OF Ralph Kiner
25%
P Dizzy Dean
24%
OF Cool Papa Bell
23%
C Mickey Cochrane
23%
P Mordecai Brown
22%
SS Luis Aparicio
21%
OF Paul Waner
21%
2B Charles Gehringer
20%
P Robin Roberts
20%
OF Al Simmons
19%
P Carl Hubbell
18%
1B George Sisler
18%
SS Luke Appling
17%
C Gabby Hartnett
15%
P Eddie Plank
14%
2B Frankie Frisch
13%
3B Pie Traynor
13%
1B Bill Terry
12%
OF Harry Heilman
10%
SS Joe Cronin
10%
OF Joe Medwick
10%
OF Oscar Charleston
9%
P Ed Walsh
8%
OF Goose Goslin
8%
OF Willie Keeler
8%
1B Buck Leonard
7%
No matching quizzes found
Score Distribution
Percent of People with Each Score
Percentile by Number Answered
Your Score History
You have not taken this quiz since the last reset